Die Kunst des Capriccio : kreativer Eigensinn in Renaissance und Barock

Gespeichert in:
Bibliographische Detailangaben
VerfasserIn: Kanz, Roland (VerfasserIn)
Dokumenttyp: Hochschulschrift Buch
Sprache:German
Italian
Veröffentlicht: München ; Berlin : Dt. Kunstverl. , 2002
Schriftenreihe:Kunstwissenschaftliche Studien [103]
Schlagwörter:
Online Zugang:Rezension
Rezension
Rezension
Inhaltsverzeichnis
Bibliogr. Hinweis:Rezensiert in: [Rezension von: Roland Kanz, Die Kunst des Capriccio, kreativer Eigensinn in Renaissance und Barock]
Rezensiert in: [Rezension von: Roland Kanz, Die Kunst des Capriccio]
Verantwortlich:Roland Kanz
LEADER 04831cam a2200973 c 4500
001 349776857
003 DE-627
005 20260422123321.0
007 tu
008 020627s2002 gw ||||| m 00| ||ger c
015 |a 02,N28,0564  |2 dnb 
015 |a 03,H03,2627  |2 dnb 
016 7 |a 96456100X  |2 DE-101 
020 |a 3422063927  |q EUR 62.00, sfr 103.00  |9 3-422-06392-7 
035 |a (DE-627)349776857 
035 |a (DE-603)105437913 
035 |a (DE-576)100533027 
035 |a (DE-599)GBV349776857 
035 |a (OCoLC)722707500 
035 |a (OCoLC)1078751964 
035 |a (OCoLC)51478151 
035 |a (OCoLC)248269059 
040 |a DE-627  |b ger  |c DE-627  |e rakwb 
041 |a ger  |a ita 
044 |c XA-DE 
050 0 |a N8217.F28 
082 0 |a 709/.45/09024 
082 0 |a 709.4509024 
084 |a 46  |2 sdnb 
084 |a 9,10  |2 ssgn 
084 |a LH 65760  |q OBV  |2 rvk  |0 (DE-625)rvk/94557: 
084 |a LH 65720  |2 rvk  |0 (DE-625)rvk/94555: 
084 |a LH 65740  |2 rvk  |0 (DE-625)rvk/94556: 
084 |a 20.06  |2 bkl 
084 |a 21.99  |2 bkl 
090 |a a 
100 1 |a Kanz, Roland  |d 1961-  |0 (DE-588)124309976  |0 (DE-627)085777307  |0 (DE-576)169512126  |4 aut 
245 1 4 |a Die Kunst des Capriccio  |b kreativer Eigensinn in Renaissance und Barock  |c Roland Kanz 
263 |a brosch. : EUR 62.00, sfr 103.00 
264 1 |a München  |a Berlin  |b Dt. Kunstverl.  |c 2002 
300 |a 419 S.  |b zahlr. Ill.  |c 24 cm 
336 |a Text  |b txt  |2 rdacontent 
337 |a ohne Hilfsmittel zu benutzen  |b n  |2 rdamedia 
338 |a Band  |b nc  |2 rdacarrier 
490 1 |a [Kunstwissenschaftliche Studien  |v 103] 
500 |a Literaturverz. S. 383 - 410 
502 |a Zugl.: Düsseldorf, Univ., Habil.-Schr., 2000 
583 1 |a Archivierung/Langzeitarchivierung gewährleistet  |f SSG  |x XA-DE-BW  |2 pdager  |5 DE-16 
648 7 |a Geschichte 1500-1700  |2 gnd 
650 0 |a Art, Renaissance  |x Themes, motives 
650 0 |a Art, Baroque  |x Themes, motives 
650 0 |a Fantasy in art 
650 0 |a Fantastic, The, in art 
650 0 7 |0 (DE-588)4452477-8  |0 (DE-627)227376439  |0 (DE-576)212585711  |a Capriccio  |g Kunst  |2 gnd 
655 7 |a Hochschulschrift  |0 (DE-588)4113937-9  |0 (DE-627)105825778  |0 (DE-576)209480580  |2 gnd-content 
689 0 0 |d s  |0 (DE-588)4452477-8  |0 (DE-627)227376439  |0 (DE-576)212585711  |a Capriccio  |g Kunst  |2 gnd 
689 0 1 |a z  |2 gnd  |a Geschichte 1500-1700 
689 0 |5 DE-101 
689 1 0 |d s  |0 (DE-588)4452477-8  |0 (DE-627)227376439  |0 (DE-576)212585711  |a Capriccio  |g Kunst  |2 gnd 
689 1 1 |a z  |2 gnd  |a Geschichte 1500-1700 
689 1 |5 (DE-627) 
751 |a Düsseldorf  |0 (DE-588)4013255-9  |0 (DE-627)106344692  |0 (DE-576)208902619  |4 uvp 
787 0 8 |i Rezensiert in  |a Mai, Ekkehard, 1946 - 2020  |t [Rezension von: Roland Kanz, Die Kunst des Capriccio, kreativer Eigensinn in Renaissance und Barock]  |d 2004  |w (DE-627)1915512980 
787 0 8 |i Rezensiert in  |a Kiefer, Marcus, 1966 -   |t [Rezension von: Roland Kanz, Die Kunst des Capriccio]  |d 2003  |w (DE-627)1920094156 
830 0 |a Kunstwissenschaftliche Studien  |v [103]  |9 103  |w (DE-627)13019607X  |w (DE-576)000863149  |w (DE-600)530622-X  |x 0170-9186  |7 am 
856 4 2 |u https://swbplus.bsz-bw.de/bsz100533027rez.htm  |m V:DE-576  |v 2005-08-22  |3 Rezension  |7 1 
856 4 2 |u http://www.sehepunkte.de/2003/12/2309.html  |m V:DE-576;X:Sehepunkte  |q text/html  |v 20180424113634  |3 Rezension  |7 1 
856 4 2 |u http://scans.hebis.de/HEBCGI/show.pl?10543791_rez.pdf  |m V:DE-576  |q application/pdf  |3 Rezension  |7 1 
856 4 2 |u http://scans.hebis.de/HEBCGI/show.pl?10543791_toc.pdf  |m V:DE-605  |q application/pdf  |3 Inhaltsverzeichnis  |7 1 
935 |i sf 
935 |i Blocktest 
936 r v |a LH 65760  |b Barock, Rokoko  |k Kunstgeschichte  |k Allgemeines. Allgemeine Kunstgeschichte  |k Allgemeine Kunstgeschichte: Darstellungen  |k Darstellungen einzelner Epochen  |k Mittlere und neuere Kunstgeschichte  |k Neuzeit  |k Barock, Rokoko  |0 (DE-627)1270637746  |0 (DE-625)rvk/94557:  |0 (DE-576)200637746 
936 r v |a LH 65720  |b Renaissance  |k Kunstgeschichte  |k Allgemeines. Allgemeine Kunstgeschichte  |k Allgemeine Kunstgeschichte: Darstellungen  |k Darstellungen einzelner Epochen  |k Mittlere und neuere Kunstgeschichte  |k Neuzeit  |k Renaissance  |0 (DE-627)1270703951  |0 (DE-625)rvk/94555:  |0 (DE-576)200703951 
936 r v |a LH 65740  |b Manierismus  |k Kunstgeschichte  |k Allgemeines. Allgemeine Kunstgeschichte  |k Allgemeine Kunstgeschichte: Darstellungen  |k Darstellungen einzelner Epochen  |k Mittlere und neuere Kunstgeschichte  |k Neuzeit  |k Manierismus  |0 (DE-627)1270765884  |0 (DE-625)rvk/94556:  |0 (DE-576)200765884 
936 b k |a 20.06  |j Kunstphilosophie  |j Kunsttheorie  |0 (DE-627)10641433X 
936 b k |a 21.99  |j Sonstige Kunstformen  |0 (DE-627)106405659 
936 s n |a l300  |2 mzub 
951 |a BO 
990 |a Capriccio 
990 |a Geschichte 1500-1700 
990 |a Capriccio 
990 |a Geschichte 1500-1700 
991 |a Rezensiertes Werk 
999 |a KXP-PPN349776857  |e 4966475465